|
|
|
|
| LEADER |
00946cam a2200277 7i4500 |
| 001 |
0000036195 |
| 005 |
20191211090000.0 |
| 007 |
##ta |
| 008 |
191211s2018 enk o 00 eng d |
| 020 |
# |
# |
|a 9780241366370
|
| 040 |
# |
# |
|a MATR
|
| 090 |
0 |
0 |
|a B 303.483
|b SCH
|
| 245 |
0 |
0 |
|a SHAPING THE FUTURE OF THE FOURTH INDUSTRIAL REVOLUTION :
|b A Guide to Building a Better World
|c Klaus Schwab.
|
| 264 |
# |
1 |
|a London:
|b Portfolio Penguin,
|c 2018.
|
| 264 |
# |
4 |
|a ♭2018.
|
| 300 |
# |
# |
|a xi, 274 pages:
|b illustrations;
|c 22 cm.
|
| 336 |
# |
# |
|a text
|2 rdacontent
|
| 337 |
# |
# |
|a unmediated
|2 rdamedia
|
| 338 |
# |
# |
|a volume
|2 rdacarrier
|
| 650 |
# |
0 |
|a Digital communications
|
| 650 |
# |
0 |
|a Technological innovations --
|x Social aspects
|
| 650 |
# |
0 |
|a Information technology
|
| 650 |
# |
0 |
|a Mobile computing
|
| 650 |
# |
0 |
|a Technological innovations --
|x Economic aspects
|
| 650 |
# |
0 |
|a Information society
|
| 999 |
|
|
|a B000040932
|b Book
|c Book
|e Business Information Centre
|